000 01511namaa22003251i 4500
005 20260405121743.0
008 260405s1995 ua a|||frm||| 000 0 eng d
040 _aEG-GICUC
_beng
_cEG-GICUC
_dEG-GICUC
_erda
041 0 _aeng
_beng
_bara
049 _aDeposit
097 _aPh.D
099 _aCai01.11.25.Ph.D.1995.Ah.S
100 0 _aAhmed Essam Mohamed Kandil,
_epreparation.
245 1 0 _aSurgical Management of Residual Dislocation of the hip following Septic Epiphysitis of infancy /
_cBy Ahmed Essam Mohamed Kandil ; Supervised Prof. Dr. Saleh A. B. Bedair, Prof. Dr. Abd El-salam Abd El-Gaffar, Ass. Prof. Dr. Yehia N. Tarraf
246 1 5 _aالعلاج الجراحي لخلع مفصل الفخد الناتج عن الالتهاب الصديدي لمفصل الفخد عند الاطفال
264 0 _c1995.
300 _a127 Leaves
_billustrations
_c30 cm. +
336 _2rda content
_atext
337 _2rdamedia
_aUnmediated
338 _2rdacarrier
_avolume
502 _aThesis (M.Sc.)-Cairo University, 1995
504 _aBibliography: pages 114-127
653 0 _athe hip following Septic Epiphysitis of infancy
700 0 _aSaleh A. B. Bedair
_ethesis advisor.
700 0 _aAbd El-salam Abd El-Gaffar
_ethesis advisor.
700 0 _aYehia N. Tarraf
_ethesis advisor.
900 _DDepartment of Orthopaedic Surgery
_FFaculty of Medicine
_UCairo University
_b1995
_cSaleh A. B. Bedair
_cAbd El-salam Abd El-Gaffar
_cYehia N. Tarraf
905 _aNehad
942 _2ddc
_cTH
_e21
_n0
999 _c179190